NBA Most Points in a Game - Statistics

General Stats
  • This quiz has been taken 213 times
    19 since last reset
  • The average score is 8 of 11
Answer Stats
Hint Answer % Correct
83 Bam Adebayo
100%
81 Kobe Bryant
100%
100 Wilt Chamberlain
100%
73 Luka Doncic
94%
70 Devin Booker
81%
71 Damian Lillard
75%
71 Donovan Mitchell
75%
70 Joel Embiid
63%
73 David Thompson
56%
71 David Robinson
50%
71 Elgin Baylor
50%
No matching quizzes found
Score Distribution
Percent of People with Each Score
Percentile by Number Answered
Your Score History
You have not taken this quiz since the last reset